Top 10 des pays producteurs de cuivre - Statistiques

Statistiques générales
  • Ce quiz a été pris 63 fois
  • Le résultat moyen est 7 sur 10
Statistiques - réponses
Production minière mondiale (en %) Pays % Correct
8 Chine
98%
5 États-Unis
95%
4 Russie
89%
4 Australie
82%
11 République démocratique du Congo
73%
3 Mexique
71%
23 Chili
53%
4 Indonésie
51%
12 Pérou
45%
3 Zambie
13%
Aucun quiz correspondant
Distribution des résultats
% des personnes avec chaque résultat
Percentile par nombre de réponses
Votre historique - résultats
Vous n’avez pas pris ce quiz